00413nam a2200133Ia 4500003000400000008004100004040001600045082001600061100001600077245010600093260004600199300001000245650002400255GCL140319s9999 xx 000 0 eng d aGCL / cGCL04a750.72bD B1 aDYER, COLIN10aBEGINING RESEARCH IN PSYCHOLOGY: A PRACTICAL GUIDE TO RESEARCH METHODS AND STATISTICS / cDYER, COLIN a[S.N] : bBLACK WELL PUBLISHERS ، c1955 a482 P04aPSYCHOLOGY RESEARCH